00572nam a2200181Ia 4500001001000000003000500010008004100015010001100056040000900067082001700076100003100093245009000124260006200214300000700276500004700283650001200330710004800342Para_2799CHAP220125s1988 xx 000 0 und d a201275 cCHAP aPA 512.5 G66 aGonzález Estrada, Adrian aLa matemática de la economía :b 1. Algebra Lineal /c Adrian González Estrada aMéxico :b UACh. Departamento de Economía Agrícola av. aLa biblioteca tiene: v.1, algebra líneal aAlgebra aUACh. Departamento de Economía Agrícola